[Event "WC-2013-F-00007"]
[Site "LSS email"]
[Date "2013.07.24"]
[Round "?"]
[White "Hammerschmidt, Volker"]
[Black "Svidersky, Andrej"]
[Result "1/2-1/2"]
[WhiteElo "1812"]
[BlackElo "2035"]
[PlyCount "99"]
[EventDate "2013.08.01"]
[EventType "tourn (corr)"]
[EventRounds "12"]
[EventCountry "GER"]
[SourceTitle "Telechess CBM 167"]
[Source "ChessBase"]
[SourceDate "2015.07.13"]
[SourceVersion "1"]
[SourceVersionDate "2015.07.13"]
[SourceQuality "1"]

1. d4 Nf6 2. c4 e6 3. Nf3 b6 4. g3 Ba6 5. Qc2 c5 6. d5 exd5 7. cxd5 Bb7 8. Bg2 Nxd5 9. 0-0 Qc8 10. a3 Be7 11. e4 Nc7 12. Nc3 0-0 13. Rd1 Nc6 14. Bf4 Ne6 15. Be3 Re8 16. e5 Rd8 17. Nb5 Na5 18. Nd6 Bxd6 19. Rxd6 Bc6 20. b4 Nb7 21. Rdd1 h6 22. Rab1 d6 23. b5 Bxf3 24. Bxf3 Rb8 25. exd6 Nxd6 26. Bc6 Qc7 27. Re1 Rbc8 28. a4 Ne8 29. Qb2 Nd6 30. Qc2 a5 31. Re2 Ne8 32. Rbe1 Nf6 33. Qf5 Qd6 34. Rd2 Qe7 35. Bf4 Rd4 36. Rde2 Rf8 37. Qc2 Qd8 38. Be5 Nd5 39. Qb3 c4 40. Qb2 Rd3 41. Qc2 Ng5 42. Qxc4 Nf3+ 43. Kg2 Nxe1+ 44. Rxe1 Nb4 45. Qg4 Qg5 46. Qe4 Qe7 47. Qf5 Qg5 48. Qe4 Qe7 49. Qf5 Qg5 50. Qe4 1/2-1/2

[Event "WC-2013-F-00007"]
[Site "LSS email"]
[Date "2013.07.24"]
[Round "?"]
[White "Kolanek, Roman"]
[Black "Svidersky, Andrej"]
[Result "0-1"]
[WhiteElo "1913"]
[BlackElo "2035"]
[PlyCount "118"]
[EventDate "2013.08.01"]
[EventType "tourn (corr)"]
[EventRounds "12"]
[EventCountry "GER"]
[SourceTitle "Telechess CBM 167"]
[Source "ChessBase"]
[SourceDate "2015.07.13"]
[SourceVersion "1"]
[SourceVersionDate "2015.07.13"]
[SourceQuality "1"]

1. d4 Nf6 2. c4 e6 3. Nf3 b6 4. e3 Bb7 5. Bd3 d5 6. cxd5 exd5 7. 0-0 Nbd7 8. Nc3 Be7 9. b3 0-0 10. Bb2 a6 11. Ne5 Bd6 12. f4 Ne4 13. Nxe4 dxe4 14. Be2 Nf6 15. Qc2 Rc8 16. Qb1 Qe7 17. a3 a5 18. Qe1 Nd5 19. Qg3 f6 20. Nc4 Qd7 21. Rac1 Ra8 22. Bg4 f5 23. Be2 Ba6 24. Rfe1 Rf6 25. Qf2 Rh6 26. Rc2 c6 27. Rec1 Bc7 28. h3 Bd6 29. Kh1 Bc7 30. Kg1 Rg6 31. h4 Rh6 32. h5 Rb8 33. Qg3 Bb5 34. a4 Ba6 35. Ba3 Kh8 36. Qf2 Rd8 37. Ne5 Bxe5 38. fxe5 Bd3 39. Bxd3 exd3 40. Rd2 Rxh5 41. Qf3 Rh4 42. Rxd3 Qe6 43. Rf1 g6 44. Qg3 Re4 45. Bd6 h5 46. Rf3 Kg7 47. Kh1 h4 48. Qf2 Rxd6 49. exd6 Qxd6 50. Kg1 Qe6 51. Kh1 Kf6 52. Rf4 g5 53. Rxe4 Qxe4 54. Rd1 Nxe3 55. Re1 f4 56. Qf3 Kf5 57. Rxe3 Qxe3 58. Qxc6 f3 59. Qc8+ Kf4 0-1

[Event "WC-2013-F-00007"]
[Site "LSS email"]
[Date "2013.07.24"]
[Round "?"]
[White "Svidersky, Andrej"]
[Black "Abbey, William"]
[Result "1-0"]
[WhiteElo "2035"]
[BlackElo "2024"]
[PlyCount "115"]
[EventDate "2013.08.01"]
[EventType "tourn (corr)"]
[EventRounds "12"]
[EventCountry "GER"]
[SourceTitle "Telechess CBM 167"]
[Source "ChessBase"]
[SourceDate "2015.07.13"]
[SourceVersion "1"]
[SourceVersionDate "2015.07.13"]
[SourceQuality "1"]

1. d4 Nf6 2. c4 e6 3. Nc3 Bb4 4. e3 0-0 5. Bd3 d5 6. Nf3 c5 7. 0-0 Nc6 8. a3 Bxc3 9. bxc3 dxc4 10. Bxc4 Qc7 11. Bb2 b6 12. Bd3 Bb7 13. dxc5 e5 14. cxb6 axb6 15. Be2 Na5 16. c4 Rfe8 17. Qc2 Rac8 18. Rfd1 b5 19. c5 Nc4 20. Bxc4 bxc4 21. Qxc4 Bxf3 22. gxf3 Qb7 23. Qe2 Rxc5 24. Rac1 Rb5 25. Bc3 Rc5 26. Bb2 Rb5 27. Bc3 Rc5 28. Be1 Rxc1 29. Rxc1 Qa7 30. Bb4 Qd7 31. Kg2 Qf5 32. a4 h6 33. h3 Qg5+ 34. Kh2 Qh5 35. Qd1 Qf5 36. Rc4 Kh7 37. a5 e4 38. Rc5 Qxf3 39. Qxf3 exf3 40. Rc4 Ne4 41. a6 f5 42. a7 g5 43. Ba5 Ra8 44. Bb6 Kg6 45. Rb4 Kh5 46. Bd4 g4 47. hxg4+ fxg4 48. Rb8 Rxa7 49. Bxa7 Nxf2 50. Rb4 Nh3 51. Kg3 f2 52. Kg2 Kg5 53. e4 g3 54. Be3+ Kg4 55. e5+ Kf5 56. Rh4 Ng5 57. Bxg5 f1R 58. Kxf1 1-0

[Event "WC-2013-F-00007"]
[Site "LSS email"]
[Date "2013.07.24"]
[Round "?"]
[White "Svidersky, Andrej"]
[Black "Matugin, Sergei"]
[Result "1/2-1/2"]
[WhiteElo "2035"]
[BlackElo "1958"]
[PlyCount "50"]
[EventDate "2013.08.01"]
[EventType "tourn (corr)"]
[EventRounds "12"]
[EventCountry "GER"]
[SourceTitle "Telechess CBM 167"]
[Source "ChessBase"]
[SourceDate "2015.07.13"]
[SourceVersion "1"]
[SourceVersionDate "2015.07.13"]
[SourceQuality "1"]

1. d4 d5 2. c4 e6 3. Nc3 Nf6 4. Bg5 Be7 5. e3 0-0 6. Rc1 h6 7. Bh4 b6 8. cxd5 Nxd5 9. Nxd5 exd5 10. Bxe7 Qxe7 11. Nf3 Be6 12. Be2 c5 13. b3 Nd7 14. 0-0 Qd6 15. Qd2 Rfc8 16. Rfd1 Nf6 17. Ba6 Rc7 18. Ne5 Rb8 19. a4 Rd8 20. Qb2 Bf5 21. h3 Qe7 22. Kh1 Rb8 23. Kg1 Rd8 24. Nd3 Bc8 25. Bxc8 Rdxc8 1/2-1/2

[Event "WC-2013-F-00007"]
[Site "LSS email"]
[Date "2013.07.24"]
[Round "?"]
[White "Vodicka, Milan"]
[Black "Svidersky, Andrej"]
[Result "1/2-1/2"]
[WhiteElo "1889"]
[BlackElo "2035"]
[PlyCount "70"]
[EventDate "2013.08.01"]
[EventType "tourn (corr)"]
[EventRounds "12"]
[EventCountry "GER"]
[SourceTitle "Telechess CBM 167"]
[Source "ChessBase"]
[SourceDate "2015.07.13"]
[SourceVersion "1"]
[SourceVersionDate "2015.07.13"]
[SourceQuality "1"]

1. d4 Nf6 2. c4 e6 3. Nc3 Bb4 4. f3 c5 5. d5 b5 6. e4 0-0 7. e5 Ne8 8. f4 Qa5 9. dxe6 fxe6 10. Bd2 bxc4 11. Bxc4 Ba6 12. Qe2 Nc7 13. Nf3 Nc6 14. 0-0 Nd4 15. Qd3 Bxc4 16. Qxc4 Bxc3 17. Bxc3 Qb5 18. Qxb5 Ndxb5 19. g3 Nd5 20. Be1 Ne3 21. Rf2 Nd4 22. Bd2 Nxf3+ 23. Rxf3 Nd5 24. Rc1 Rfc8 25. Rc4 Rab8 26. b3 Rc6 27. Be1 Rbc8 28. Ra4 c4 29. bxc4 Rxc4 30. Rxc4 Rxc4 31. Ra3 Rc7 32. Bf2 Nb4 33. Rxa7 Rxa7 34. Bxa7 Nxa2 35. Kg2 Kf7 1/2-1/2

[Event "WC-2017-P-00011"]
[Site "LSS email"]
[Date "2013.02.27"]
[Round "?"]
[White "Osipov, Anatoly Vladimirovi"]
[Black "Svidersky, Andrej"]
[Result "1-0"]
[WhiteElo "2160"]
[BlackElo "2035"]
[PlyCount "103"]
[EventDate "2013.03.03"]
[EventType "tourn (corr)"]
[EventRounds "12"]
[EventCountry "GER"]
[SourceTitle "Telechess CBM 167"]
[Source "ChessBase"]
[SourceDate "2015.07.13"]
[SourceVersion "1"]
[SourceVersionDate "2015.07.13"]
[SourceQuality "1"]

1. e4 c5 2. Nf3 d6 3. d4 cxd4 4. Nxd4 Nf6 5. Nc3 a6 6. Be3 e5 7. Nb3 Be6 8. f4 exf4 9. Bxf4 Nc6 10. Qe2 Be7 11. h3 Qc7 12. 0-0-0 0-0 13. g4 Nd7 14. Qd2 Nce5 15. Nd4 Nb6 16. Nf5 Rfd8 17. Qf2 Bf8 18. Be3 Nbd7 19. Kb1 Rac8 20. g5 Re8 21. Nd4 Nc5 22. Qg2 b5 23. h4 Bg4 24. Nd5 Qd7 25. Re1 Nxe4 26. Bc1 Nc5 27. Nb6 Qc7 28. Nxc8 Bxc8 29. Rg1 Ne6 30. Nxe6 Bxe6 31. Qf2 b4 32. b3 g6 33. Rg3 a5 34. Bh3 a4 35. Bb2 axb3 36. axb3 Bg7 37. Bxe6 fxe6 38. Qd2 Rc8 39. h5 gxh5 40. g6 hxg6 41. Bxe5 Bxe5 42. Rxg6+ Kf7 43. Rxe5 dxe5 44. Rg1 Qc6 45. Qd3 e4 46. Qf1+ Ke8 47. Rg8+ Ke7 48. Rg7+ Kd6 49. Qf4+ Kc5 50. Qe3+ Kd6 51. Qd4+ Qd5 52. Qxb4+ 1-0

[Event "WC-2017-P-00011"]
[Site "LSS email"]
[Date "2013.02.27"]
[Round "?"]
[White "Svidersky, Andrej"]
[Black "Nenciulescu, Silviu Catalin"]
[Result "1/2-1/2"]
[WhiteElo "2035"]
[BlackElo "1943"]
[PlyCount "44"]
[EventDate "2013.03.03"]
[EventType "tourn (corr)"]
[EventRounds "12"]
[EventCountry "GER"]
[SourceTitle "Telechess CBM 167"]
[Source "ChessBase"]
[SourceDate "2015.07.13"]
[SourceVersion "1"]
[SourceVersionDate "2015.07.13"]
[SourceQuality "1"]

1. d4 Nf6 2. c4 e6 3. Nf3 b6 4. g3 Bb7 5. a3 c5 6. dxc5 bxc5 7. Bg2 Be7 8. 0-0 0-0 9. Nc3 Nc6 10. Rb1 Rc8 11. Bf4 Na5 12. Qd3 Ba6 13. b3 d5 14. Qc2 dxc4 15. Rfd1 Qe8 16. bxc4 Nxc4 17. Ne5 Nxe5 18. Bxe5 Nd7 19. Qa4 Nxe5 20. Qxa6 Rc7 21. a4 Bf6 22. Nb5 Rd7 1/2-1/2

[Event "WC-2017-P-00011"]
[Site "LSS email"]
[Date "2013.02.27"]
[Round "?"]
[White "Walczak, Tomasz"]
[Black "Svidersky, Andrej"]
[Result "1-0"]
[WhiteElo "2051"]
[BlackElo "2035"]
[PlyCount "171"]
[EventDate "2013.03.03"]
[EventType "tourn (corr)"]
[EventRounds "12"]
[EventCountry "GER"]
[SourceTitle "Telechess CBM 167"]
[Source "ChessBase"]
[SourceDate "2015.07.13"]
[SourceVersion "1"]
[SourceVersionDate "2015.07.13"]
[SourceQuality "1"]

1. e4 c5 2. Nf3 d6 3. d4 cxd4 4. Nxd4 Nf6 5. Nc3 a6 6. Be3 e6 7. f3 b5 8. g4 h6 9. a3 Nbd7 10. Qd2 Bb7 11. 0-0-0 Ne5 12. h4 Rc8 13. Rg1 Nfd7 14. g5 hxg5 15. hxg5 g6 16. f4 Nc4 17. Bxc4 Rxc4 18. f5 Nc5 19. fxg6 fxg6 20. b3 Rxc3 21. Qxc3 Nxe4 22. Qd3 Qc8 23. Ne2 e5 24. Ng3 Rh4 25. Rh1 Qg4 26. Rxh4 Qxh4 27. Nxe4 Bxe4 28. Qc3 Qg4 29. Re1 Qd7 30. Bd4 Bf5 31. Qd2 Qc6 32. Bc3 Be7 33. Kb2 Kf7 34. Re2 Qf3 35. Rf2 Qe4 36. Rh2 Ke6 37. Bb4 Qf3 38. Rg2 Qd5 39. Qf2 Qc6 40. Qg1 Qa8 41. Ba5 Qc6 42. Rh2 d5 43. Qa7 d4 44. Qb8 Kd5 45. Qg8+ Qe6 46. Qg7 Bxg5 47. c4+ dxc3+ 48. Bxc3 Qe7 49. Qh8 Qd6 50. Rh1 Ke6 51. Rh7 Kd5 52. Rf7 Bd8 53. Ra7 Bg5 54. Qh1+ e4 55. Qh8 e3 56. Ka2 e2 57. Qh1+ Ke6 58. Qf3 e1R 59. Bxe1 Qd3 60. Rxa6+ Kf7 61. Qxd3 Bxd3 62. Rd6 Be2 63. a4 bxa4 64. bxa4 Bf6 65. Kb3 Be7 66. Rd2 Ba6 67. a5 Ke6 68. Rc2 Kd7 69. Bb4 Bh4 70. Rg2 g5 71. Bd2 Bf1 72. Rg1 Ba6 73. Bxg5 Bf2 74. Rc1 Bg3 75. Be3 Be5 76. Ka4 Bd6 77. Rc2 Be5 78. Bg1 Bf4 79. Bh2 Be3 80. Rc7+ Kd8 81. Rc6 Bc8 82. Rd6+ Ke8 83. a6 Bc5 84. Rd5 Bf2 85. Ka5 Ke7 86. Rd1 1-0

[Event "CP-2012-P-00039"]
[Site "LSS email"]
[Date "2012.10.01"]
[Round "?"]
[White "Husemann, Andreas"]
[Black "Svidersky, Andrej"]
[Result "0-1"]
[WhiteElo "2091"]
[BlackElo "2018"]
[PlyCount "96"]
[EventDate "2012.10.05"]
[EventType "tourn (corr)"]
[EventRounds "6"]
[EventCountry "GER"]
[SourceTitle "Telechess CBM 161"]
[Source "ChessBase"]
[SourceDate "2014.07.16"]
[SourceVersion "1"]
[SourceVersionDate "2014.07.16"]
[SourceQuality "1"]

1. d4 Nf6 2. c4 e6 3. Nf3 d5 4. Nc3 c6 5. e3 Nbd7 6. Qc2 Bd6 7. b3 0-0 8. Be2 b6 9. 0-0 Bb7 10. Bb2 Qe7 11. Rad1 Rad8 12. Rfe1 c5 13. cxd5 exd5 14. Bf1 a6 15. g3 Rc8 16. e4 Nxe4 17. Bxa6 Ndf6 18. dxc5 Bxc5 19. Nxd5 Bxd5 20. Bxc8 Bxf2+ 21. Kf1 Bxe1 22. Nxe1 Re8 23. Bf5 Bb7 24. Kg1 Ng5 25. h4 Qe3+ 26. Qf2 Qe4 27. Bxe4 Nh3+ 28. Kg2 Nxf2 29. Kxf2 Nxe4+ 30. Kg1 Nxg3 31. Rd7 Bc8 32. Rc7 Bg4 33. Nd3 Re2 34. Be5 Ne4 35. Bd4 h5 36. Bxb6 Nd2 37. Bf2 Nf3+ 38. Kg2 Rd2 39. Nb4 Nxh4+ 40. Kg3 Nf5+ 41. Kg2 h4 42. Rc3 Nd4 43. Rc4 Bf3+ 44. Kh3 Rxf2 45. Rxd4 g5 46. Nd5 Rf1 47. Nf6+ Kg7 48. Ng4 Rg1 0-1

[Event "CP-2012-P-00039"]
[Site "LSS email"]
[Date "2012.10.01"]
[Round "?"]
[White "Ramponelli, Roberto"]
[Black "Svidersky, Andrej"]
[Result "1/2-1/2"]
[WhiteElo "2116"]
[BlackElo "2018"]
[PlyCount "87"]
[EventDate "2012.10.05"]
[EventType "tourn (corr)"]
[EventRounds "6"]
[EventCountry "GER"]
[SourceTitle "Telechess CBM 161"]
[Source "ChessBase"]
[SourceDate "2014.07.16"]
[SourceVersion "1"]
[SourceVersionDate "2014.07.16"]
[SourceQuality "1"]

1. e4 c6 2. d4 d5 3. exd5 cxd5 4. c4 Nf6 5. Nc3 Nc6 6. Bg5 Be6 7. a3 g6 8. Bxf6 exf6 9. c5 Bg7 10. Bb5 a6 11. Bxc6+ bxc6 12. Nge2 0-0 13. 0-0 Re8 14. Qd2 Re7 15. b4 Bg4 16. Rae1 Qc7 17. Nc1 Rae8 18. Rxe7 Rxe7 19. a4 Qb7 20. N1a2 Bd7 21. Rb1 f5 22. g3 h5 23. b5 cxb5 24. Nb4 Re8 25. axb5 Bxb5 26. Nxa6 Qxa6 27. Nxb5 Rb8 28. Qd3 Bf6 29. Kg2 Kg7 30. Rb3 Bd8 31. Qe2 Bf6 32. Rb2 Qe6 33. Nd6 Rxb2 34. Qxb2 f4 35. Qd2 Bg5 36. Qd1 Be7 37. Nb5 Qd7 38. Nc3 fxg3 39. hxg3 Bf6 40. Qd3 h4 41. Nb5 hxg3 42. fxg3 Bg5 43. Qe2 Bf6 44. Qf1 1/2-1/2

[Event "WC-2016-P-00017"]
[Site "LSS email"]
[Date "2012.02.12"]
[Round "?"]
[White "Bandiera, Aurelio"]
[Black "Svidersky, Andrej"]
[Result "1/2-1/2"]
[WhiteElo "2163"]
[BlackElo "2026"]
[PlyCount "64"]
[EventDate "2012.02.15"]
[EventType "tourn (corr)"]
[EventRounds "12"]
[EventCountry "GER"]
[SourceTitle "Telechess CBM 159"]
[Source "ChessBase"]
[SourceDate "2014.03.17"]
[SourceVersion "1"]
[SourceVersionDate "2014.03.17"]
[SourceQuality "1"]

1. d4 Nf6 2. c4 e6 3. g3 d5 4. Nf3 dxc4 5. Bg2 Nc6 6. Qa4 Bb4+ 7. Bd2 Nd5 8. Bxb4 Ndxb4 9. 0-0 Rb8 10. Na3 0-0 11. Qb5 Qe7 12. Nxc4 Rd8 13. Nce5 Nxe5 14. Qxe5 f6 15. Qf4 b6 16. Rfd1 Bb7 17. a3 Nc6 18. Rac1 Rd6 19. e3 Nd8 20. b4 Nf7 21. Nd2 Bxg2 22. Kxg2 Rc8 23. Qe4 c6 24. Nf3 Qd7 25. Qc2 h6 26. h4 Rd8 27. Rd2 e5 28. a4 Kh8 29. Rcd1 Qe8 30. e4 exd4 31. Rxd4 Rxd4 32. Rxd4 Rxd4 1/2-1/2

[Event "WC-2016-P-00017"]
[Site "LSS email"]
[Date "2012.02.12"]
[Round "?"]
[White "Svidersky, Andrej"]
[Black "Matugin, Sergei"]
[Result "1/2-1/2"]
[WhiteElo "2026"]
[BlackElo "2006"]
[PlyCount "76"]
[EventDate "2012.02.15"]
[EventType "tourn (corr)"]
[EventRounds "12"]
[EventCountry "GER"]
[SourceTitle "Telechess CBM 159"]
[Source "ChessBase"]
[SourceDate "2014.03.17"]
[SourceVersion "1"]
[SourceVersionDate "2014.03.17"]
[SourceQuality "1"]

1. d4 d5 2. c4 e6 3. Nf3 Nf6 4. g3 Be7 5. Bg2 0-0 6. 0-0 dxc4 7. Qc2 a6 8. Qxc4 b5 9. Qc2 Bb7 10. Bd2 Be4 11. Qc1 Bb7 12. Rd1 Qc8 13. a4 c5 14. dxc5 Bxc5 15. b4 Be7 16. axb5 axb5 17. Na3 Nc6 18. Nxb5 Rd8 19. Rb1 Ba6 20. Nc3 Nxb4 21. Qb2 Nc6 22. Bf4 Rxd1+ 23. Rxd1 Nb4 24. Rc1 Qf8 25. Ne5 Rc8 26. Ra1 Qe8 27. h3 Bf8 28. Qa3 Nd7 29. Nc6 Nxc6 30. Qxa6 Nb4 31. Qb7 Rxc3 32. Ra8 Qe7 33. Ra7 Nd5 34. Bxd5 exd5 35. Qxd7 Qe6 36. Qxe6 fxe6 37. Be5 Rc8 38. g4 Re8 1/2-1/2

[Event "WC-2016-P-00017"]
[Site "LSS email"]
[Date "2012.02.12"]
[Round "?"]
[White "Svidersky, Andrej"]
[Black "Zasinets, Dima"]
[Result "1/2-1/2"]
[WhiteElo "2026"]
[BlackElo "2038"]
[PlyCount "67"]
[EventDate "2012.02.15"]
[EventType "tourn (corr)"]
[EventRounds "12"]
[EventCountry "GER"]
[SourceTitle "Telechess CBM 159"]
[Source "ChessBase"]
[SourceDate "2014.03.17"]
[SourceVersion "1"]
[SourceVersionDate "2014.03.17"]
[SourceQuality "1"]

1. d4 Nf6 2. c4 g6 3. Nc3 d5 4. cxd5 Nxd5 5. e4 Nxc3 6. bxc3 Bg7 7. Nf3 c5 8. Rb1 0-0 9. Be2 Nc6 10. d5 Ne5 11. Nxe5 Bxe5 12. Qd2 e6 13. f4 Bc7 14. 0-0 exd5 15. exd5 Rb8 16. Rb3 Bd7 17. c4 Re8 18. Bb2 Ba5 19. Qd3 b5 20. Qf3 Qe7 21. Bd3 b4 22. f5 Bc7 23. Bb1 Qh4 24. g3 Qe7 25. Rd3 Rb6 26. Rdd1 Qe3+ 27. Qxe3 Rxe3 28. Kf2 Re8 29. Rfe1 Rxe1 30. Rxe1 b3 31. Bc3 bxa2 32. Bxa2 Bd6 33. fxg6 fxg6 34. Ke3 1/2-1/2

[Event "RA-2011-0-00167"]
[Site "LSS email"]
[Date "2011.11.26"]
[Round "?"]
[White "Svidersky, Andrej"]
[Black "Jara, Julio Cesar"]
[Result "1-0"]
[WhiteElo "2043"]
[BlackElo "2003"]
[PlyCount "67"]
[EventDate "2011.11.12"]
[EventType "tourn (corr)"]
[EventRounds "6"]
[EventCountry "GER"]
[SourceTitle "Telechess CBM 157"]
[Source "ChessBase"]
[SourceDate "2013.11.12"]
[SourceVersion "1"]
[SourceVersionDate "2013.11.12"]
[SourceQuality "1"]

1. d4 d5 2. c4 dxc4 3. e4 Nf6 4. e5 Nd5 5. Bxc4 Nb6 6. Bd3 Nc6 7. Ne2 Bg4 8. f3 Bh5 9. Nbc3 e6 10. Bb5 Qd7 11. 0-0 a6 12. Bxc6 Qxc6 13. Be3 Nc4 14. Qc1 Bg6 15. Bf2 Nb6 16. Qd1 Be7 17. h4 0-0-0 18. Nf4 Nd5 19. Ncxd5 exd5 20. Rc1 Qb6 21. Re1 Bf5 22. g4 Be6 23. Re3 g5 24. Rb3 Qa7 25. Nh5 h6 26. Be1 Bd7 27. Qc2 c6 28. Qd3 gxh4 29. Bb4 Bxb4 30. Rxb4 Kb8 31. Nf6 Ka8 32. Kh2 Be6 33. f4 h5 34. g5 1-0

[Event "RA-2011-0-00167"]
[Site "LSS email"]
[Date "2011.11.25"]
[Round "?"]
[White "Tylecek, Drahomir"]
[Black "Svidersky, Andrej"]
[Result "0-1"]
[WhiteElo "2060"]
[BlackElo "2043"]
[PlyCount "82"]
[EventDate "2011.11.12"]
[EventType "tourn (corr)"]
[EventRounds "6"]
[EventCountry "GER"]
[SourceTitle "Telechess CBM 157"]
[Source "ChessBase"]
[SourceDate "2013.11.12"]
[SourceVersion "1"]
[SourceVersionDate "2013.11.12"]
[SourceQuality "1"]

1. e4 c5 2. Nf3 d6 3. d4 cxd4 4. Nxd4 Nf6 5. Nc3 a6 6. Bg5 Nc6 7. Qd2 e6 8. 0-0-0 Bd7 9. f4 h6 10. Bh4 b5 11. Bxf6 gxf6 12. Nxc6 Bxc6 13. Qe1 Be7 14. Bd3 Qb6 15. f5 a5 16. Qg3 b4 17. Ne2 e5 18. Qg7 Rf8 19. Qxh6 a4 20. c4 Rg8 21. Qh3 Rc8 22. Qf3 Bf8 23. Kb1 Bh6 24. Rhe1 Ke7 25. Ng3 Bb7 26. Bc2 Ba6 27. Bxa4 Bxc4 28. Bb3 Qa6 29. Bxc4 Rxc4 30. Nf1 Rc5 31. Nd2 Rgc8 32. Qf1 Qc6 33. Nb3 Rc2 34. Re2 Rc4 35. Ree1 Rxe4 36. Rxe4 Qc2+ 37. Ka1 Qxe4 38. g4 Rc4 39. h3 d5 40. Rb1 Qc2 41. Rd1 d4 0-1

[Event "SB-2011-0-00178"]
[Site "LSS email"]
[Date "2011.10.01"]
[Round "?"]
[White "Svidersky, Andrej"]
[Black "Moreira, Carlos Alberto Lima"]
[Result "1/2-1/2"]
[WhiteElo "2038"]
[BlackElo "1719"]
[PlyCount "137"]
[EventDate "2011.09.12"]
[EventType "tourn (corr)"]
[EventRounds "6"]
[EventCountry "GER"]
[SourceTitle "Telechess CBM 153"]
[Source "ChessBase"]
[SourceDate "2013.03.14"]
[SourceVersion "1"]
[SourceVersionDate "2013.03.14"]
[SourceQuality "1"]

1. e4 c5 2. Nf3 Nc6 3. d4 cxd4 4. Nxd4 g6 5. Nc3 Bg7 6. Be3 Nf6 7. Bc4 0-0 8. Bb3 d6 9. f3 Bd7 10. Qd2 Nxd4 11. Bxd4 b5 12. h4 a5 13. a4 bxa4 14. Nxa4 Be6 15. Nb6 Ra6 16. Nd5 Bxd5 17. exd5 Qc7 18. Ra4 h5 19. Bc4 Raa8 20. Bb5 Nd7 21. Rc4 Nc5 22. Bxg7 Kxg7 23. b3 Qb6 24. Bc6 Ra7 25. g4 Rh8 26. Qc3+ f6 27. Kf1 e5 28. Rg1 Qa6 29. Ke1 Qb6 30. Rg2 Re7 31. Kd1 Qa6 32. Kc1 a4 33. bxa4 hxg4 34. Bb5 Qc8 35. Rcxg4 Rh6 36. Bd3 f5 37. Rg5 Kf7 38. Bb5 Qh8 39. h5 Rxh5 40. Rxg6 Rh2 41. Rg7+ Qxg7 42. Rxg7+ Kxg7 43. f4 Kf7 44. fxe5 Rxe5 45. Qf3 Ke7 46. Qf4 Rh1+ 47. Kb2 Kf7 48. a5 Rh8 49. Bc4 Rb8+ 50. Kc1 Ra8 51. Qh2 Rxa5 52. Qh7+ Ke8 53. Qc7 Re1+ 54. Kd2 Rea1 55. Be2 Ne4+ 56. Ke3 Nf6 57. Qxd6 f4+ 58. Kf3 Nxd5 59. Kf2 Ne3 60. Bb5+ Rxb5 61. Qc6+ Kf7 62. Qxb5 Rf1+ 63. Ke2 Kg6 64. c3 Rd1 65. Kf3 Kf6 66. Kxf4 Nd5+ 67. Kg3 Rg1+ 68. Kf3 Rg5 69. c4 1/2-1/2

[Event "RB-2011-0-00124"]
[Site "LSS email"]
[Date "2011.07.28"]
[Round "?"]
[White "Svidersky, Andrej"]
[Black "Oliveira, Diogo Luiz"]
[Result "1/2-1/2"]
[WhiteElo "2025"]
[BlackElo "2088"]
[PlyCount "65"]
[EventDate "2011.06.29"]
[EventType "tourn (corr)"]
[EventRounds "6"]
[EventCountry "GER"]
[SourceTitle "Telechess CBM 151"]
[Source "ChessBase"]
[SourceDate "2012.11.13"]
[SourceVersion "1"]
[SourceVersionDate "2012.11.13"]
[SourceQuality "1"]

1. d4 f5 2. Bg5 h6 3. Bh4 g5 4. Bg3 Nf6 5. e3 Bg7 6. h4 g4 7. Ne2 c6 8. Nbc3 Na6 9. Nf4 Qa5 10. Bc4 d5 11. Bd3 Ne4 12. Bxe4 fxe4 13. Nh5 Rg8 14. Nxg7+ Rxg7 15. 0-0 Rf7 16. Qd2 Qd8 17. Ne2 Bf5 18. a4 Nb8 19. Bf4 e6 20. g3 Rh7 21. a5 Qe7 22. Ra4 a6 23. c4 Nd7 24. Rb4 Nf6 25. c5 Nh5 26. Bd6 Qd7 27. Ra1 Qd8 28. Rb6 Ra7 29. Qb4 Rd7 30. Ra4 Kf7 31. Qb3 Kg7 32. Be5+ Kf7 33. Rab4 1/2-1/2

[Event "SB-2011-0-00152"]
[Site "LSS email"]
[Date "2011.05.16"]
[Round "?"]
[White "Sorcinelli, Andrea"]
[Black "Svidersky, Andrej"]
[Result "1/2-1/2"]
[WhiteElo "1994"]
[BlackElo "2025"]
[PlyCount "64"]
[EventDate "2011.05.05"]
[EventType "tourn (corr)"]
[EventRounds "6"]
[EventCountry "GER"]
[SourceTitle "Telechess CBM 149"]
[Source "ChessBase"]
[SourceDate "2012.07.17"]
[SourceVersion "1"]
[SourceVersionDate "2012.07.17"]
[SourceQuality "1"]

1. e4 c6 2. d4 d5 3. e5 Bf5 4. h4 h6 5. g4 Be4 6. f3 Bh7 7. Nc3 e6 8. Be3 Qb6 9. Na4 Qb4+ 10. c3 Qa5 11. b4 Qd8 12. h5 Nd7 13. Ne2 a5 14. a3 Ne7 15. Nc5 Qc7 16. Nf4 Nc8 17. Kf2 Bxc5 18. bxc5 b6 19. cxb6 Ncxb6 20. Rg1 Qd8 21. Kg3 Qe7 22. Rg2 0-0 23. a4 f6 24. Rb2 Rae8 25. Raa2 fxe5 26. dxe5 Qd8 27. Nh3 Rf7 28. f4 Ref8 29. Be2 Qc7 30. Qd2 c5 31. Rb5 Be4 32. Nf2 Bh7 1/2-1/2

[Event "RB-2011-0-00114"]
[Site "LSS email"]
[Date "2011.05.15"]
[Round "?"]
[White "Svidersky, Andrej"]
[Black "Seiler, Peter"]
[Result "1-0"]
[WhiteElo "1926"]
[BlackElo "1823"]
[PlyCount "51"]
[EventDate "2011.04.08"]
[EventType "tourn (corr)"]
[EventRounds "6"]
[EventCountry "GER"]
[SourceTitle "Telechess CBM 151"]
[Source "ChessBase"]
[SourceDate "2012.11.13"]
[SourceVersion "1"]
[SourceVersionDate "2012.11.13"]
[SourceQuality "1"]

1. d4 d5 2. c4 e6 3. Nf3 Nf6 4. g3 dxc4 5. Bg2 c5 6. 0-0 Nc6 7. Qa4 Bd7 8. Qxc4 b5 9. Qd3 Rc8 10. dxc5 Bxc5 11. Nc3 Nb4 12. Qd1 Bc6 13. Qxd8+ Rxd8 14. Bg5 h6 15. Bxf6 gxf6 16. a3 Nd5 17. Rfc1 Bb6 18. Na4 bxa4 19. Rxc6 Kd7 20. Rcc1 Rc8 21. Ne1 Ke7 22. Bxd5 exd5 23. Rd1 Ke6 24. Nd3 Bd4 25. Nf4+ Ke5 26. e3 1-0

[Event "SB-2011-0-00151"]
[Site "LSS email"]
[Date "2011.05.15"]
[Round "?"]
[White "Svidersky, Andrej"]
[Black "Sorcinelli, Andrea"]
[Result "1/2-1/2"]
[WhiteElo "2043"]
[BlackElo "2060"]
[PlyCount "81"]
[EventDate "2011.05.01"]
[EventType "tourn (corr)"]
[EventRounds "6"]
[EventCountry "GER"]
[SourceTitle "Telechess CBM 157"]
[Source "ChessBase"]
[SourceDate "2013.11.12"]
[SourceVersion "1"]
[SourceVersionDate "2013.11.12"]
[SourceQuality "1"]

1. e4 c5 2. Nf3 d6 3. d4 cxd4 4. Nxd4 Nf6 5. Nc3 a6 6. f3 e5 7. Nb3 Be6 8. Be3 Nbd7 9. Qd2 b5 10. 0-0-0 Rc8 11. g4 Nb6 12. g5 Nh5 13. Na5 b4 14. Nb1 d5 15. Bxb6 Qxb6 16. exd5 Rd8 17. Qe2 Nf4 18. Qxe5 Rxd5 19. Rxd5 Nxd5 20. Nc4 Qc7 21. Bd3 Qxe5 22. Nxe5 Be7 23. h4 h6 24. g6 f6 25. Nc6 Bc5 26. Bxa6 Kd7 27. Na5 Ra8 28. Bb5+ Ke7 29. Nb3 Bf2 30. N1d2 Nf4 31. h5 Rxa2 32. Kb1 Ra8 33. Ne4 Bb6 34. Nec5 Bxc5 35. Nxc5 Ra5 36. Nxe6 Kxe6 37. Bc4+ Kf5 38. b3 Re5 39. c3 bxc3 40. Kc2 Re3 41. Rd1 1/2-1/2